Faith Seeking Praxis/ (Record no. 196724)

MARC details
000 -LEADER
fixed length control field 00641nam a22001937a 4500
005 - DATE AND TIME OF LATEST TRANSACTION
control field 20230721160502.0
010 ## - LCCN (DPL NO)
LC control number ENG-137524
020 ## - INTERNATIONAL STANDARD BOOK NUMBER
Terms of availability 250.00
International Standard Book Number 9789390569892
035 ## - SYSTEM CONTROL NUMBER
System control number EN-121056
037 ## - SOURCE OF ACQUISITION
Source of stock number/acquisition DBAD/PUB
082 ## - DEWEY DECIMAL CLASSIFICATION NUMBER
Classification number 230.4
100 ## - MAIN ENTRY--PERSONAL NAME
Personal name Wilson, Viju
245 ## - TITLE STATEMENT
Title Faith Seeking Praxis/
Statement of responsibility, etc by Viju Wilson
246 ## - VARYING FORM OF TITLE
Title proper/short title Essays on Subaltern Agency, Church and Praxis of Faith
260 ## - PUBLICATION, DISTRIBUTION, ETC. (IMPRINT)
Place of publication, distribution, etc Delhi
Name of publisher, distributor, etc The Indian Society for Promoting Christian Knowledge (ISPCK)
Date of publication, distribution, etc 2022
270 ## - ADDRESS
Address Post Box 1585, 1654, Madarsa Road, Kashmere Gate
City Delhi
Postal code 110006
300 ## - PHYSICAL DESCRIPTION
Extent 211;p.
Dimensions 22cm(pbk)
942 ## - ADDED ENTRY ELEMENTS (KOHA)
Source of classification or shelving scheme Dewey Decimal Classification
Item type English Books
Classification part 230.4
Call number suffix WIL
Holdings
Withdrawn status Lost status Not for loan Collection code Home library Current library Date acquired Source of acquisition Cost, normal purchase price Full call number Barcode Copy number Cost, replacement price Koha item type
    Not For Loan Non-fiction D.B.Act.Division D.B.Act.Division 21/07/2023 DBAD/PUB 250.00 230.4 WIL EN-121056 1 250.00 English Books

© Delhi Public Library
Hit Counter
free hit counter